Diccionario apostólico (Record no. 8387)

MARC details
000 -CABECERA
campo de control de longitud fija 01839nam a2200277 a 4500
001 - NÚMERO DE CONTROL
campo de control BRCA_8735
005 - FECHA Y HORA DE LA ÚLTIMA TRANSACCIÓN
campo de control 20190320210402.0
008 - DATOS DE LONGITUD FIJA--INFORMACIÓN GENERAL
campo de control de longitud fija 220217s1787----sp-#######---#000-0#spa-#
041 ## - CÓDIGO DE LENGUA
Código de lengua del texto/banda sonora o título independiente spa
044 ## - CÓDIGO DEL PAÍS DE LA ENTIDAD EDITORA/PRODUCTORA
Código MARC del país sp
084 ## - OTRO NÚMERO DE CLASIFICACIÓN
Número de clasificación BE91
Número de documento/Ítem .M66 1787
100 1# - ENTRADA PRINCIPAL--NOMBRE DE PERSONA
Nombre de persona Montargon, Jacinto
Fechas asociadas al nombre 1705 - 1777
9 (RLIN) 21743
245 10 - MENCIÓN DE TÍTULO
Título Diccionario apostólico
Mención de responsabilidad, etc. compuesto el R.P. Fr. Jacinto Montargon, etc.; y traducido en español por Don Francisco Mariano Nipho.
260 ## - PUBLICACIÓN, DISTRIBUCIÓN, ETC.
Lugar de publicación, distribución, etc. Madrid
Nombre del editor, distribuidor, etc. En la Imprenta de Don Miguél Escribano
Fecha de publicación, distribución, etc. 1787
300 ## - DESCRIPCIÓN FÍSICA
Extensión 573 p. (t.4)
Dimensiones 20.2 x 15 cm.
500 ## - NOTA GENERAL
Nota general Con privilegio y las licencias necesarias.
500 ## - NOTA GENERAL
Nota general Con marca de fuego:“Procedencia de la marca: Colegio de la Santa Cruz de Querétaro(1)(2). Institución: Congregación de Propaganda Fide Descripción: Monograma ´SATO´ que se desata como San Antonio. Le sigue la abreviatura: ´Q´ de Querétaro. Corona el monograma y la inicial la palabra ´posto´ que podría hacer referencia a ´Apostólico´. Observaciones: Esta marca no se localiza en los catálogos impresos anteriores. La primera imagen de la marca de fuego corresponde al libro modelo ya que está más clara y definida. Sin embargo, el testimonio de pertenencia y la segunda imagen de la marca de fuego, pertenece al segundo ejemplar. Ubicación de la marca en el libro: Canto superior y frontal.”
500 ## - NOTA GENERAL
Nota general Estado físico: presenta encuadernación en pergamino con cintas rotas
650 14 - PUNTO DE ACCESO ADICIONAL DE MATERIA--TÉRMINO DE MATERIA
Término de materia o nombre geográfico como elemento de entrada Sermones
Subdivisión cronológica Obras anteriores a 1800
9 (RLIN) 21369
650 14 - PUNTO DE ACCESO ADICIONAL DE MATERIA--TÉRMINO DE MATERIA
Término de materia o nombre geográfico como elemento de entrada Ética cristiana
Subdivisión general Autores católicos
9 (RLIN) 21744
700 1# - PUNTO DE ACCESO ADICIONAL--NOMBRE DE PERSONA
Nombre de persona Nipho, Francisco Mariano
Fechas asociadas al nombre 1719 - 1803
Término indicativo de función/relación tr.
9 (RLIN) 21745
700 1# - PUNTO DE ACCESO ADICIONAL--NOMBRE DE PERSONA
Nombre de persona Escribano, Miguel
Término indicativo de función/relación Impresor
9 (RLIN) 21746
856 ## - LOCALIZACIÓN Y ACCESO ELECTRÓNICOS
Nombre del host http://www.marcasdefuego.buap.mx:8180/xmLibris/projects/firebrand/item.jsp?repository=marcas_de_fuego&key=422f0a15.xml&num=17
902 ## - CATALOGADOR
Iniciales CFM
942 ## - ELEMENTOS DE PUNTO DE ACCESO ADICIONAL (KOHA)
Fuente del sistema de clasificación o colocación Library of Congress Classification
Tipo de ítem Koha Libros
Holdings
Estado de retiro Estado de pérdida Estado dañado No para préstamo Localización permanente Ubicación/localización actual Fecha de adquisición Total de préstamos Signatura topográfica completa Código de barras Fecha visto por última vez Precio válido a partir de Tipo de ítem Koha
El ejemplar forma parte de la colección y puede ser consultado según las políticas vigentes.       Biblioteca del Museo Franz Mayer (Rogerio Casas-Alatriste) Biblioteca del Museo Franz Mayer (Rogerio Casas-Alatriste) 22/02/2017   BE91 .M66 1787 CFM00071 22/03/2019 22/03/2019 Libros